Analýza podnikových úverov za rok 2016

Úvery podnikov podľa ekonomických odvetví za rok 2015 a 2016. Úrokové sadzby z úverov. Zadlženosť podnikov v roku 2016 - zlyhané úvery, konkurzy a reštrukturalizácie.

Gespeichert in:
Bibliographische Detailangaben
1. Verfasser: Jánošová, Veronika, 1953-
Format: Buchkapitel
Sprache:Slowakisch
Schlagworte:
Tags: Tag hinzufügen
Keine Tags, Fügen Sie das erste Tag hinzu!

MARC

LEADER 00000naa$a2200000$$$4500
001 0237731
005 20240502073837.7
041 0 |a slo 
044 |a SK 
245 1 0 |a Analýza podnikových úverov za rok 2016  |c Veronika Jánošová 
520 |a Úvery podnikov podľa ekonomických odvetví za rok 2015 a 2016. Úrokové sadzby z úverov. Zadlženosť podnikov v roku 2016 - zlyhané úvery, konkurzy a reštrukturalizácie. 
610 2 0 |a podnik 
610 2 0 |a úver bankový 
610 2 0 |a úrok 
610 2 0 |a konkurzy 
610 2 0 |a zadlženosť 
610 2 0 |a reštrukturalizácia 
610 2 0 |a analýzy 
610 2 0 |a Slovensko 
100 1 |a Jánošová, Veronika, 1953-